[Event "Carlsen Inv Prelim"]
[Site "chess24.com INT"]
[Date "2020.04.19"]
[Round "1.2"]
[White "Giri, Anish"]
[Black "Vachier Lagrave, Maxime"]
[Result "0-1"]
[WhiteElo "2764"]
[BlackElo "2778"]
[Annotator "Edouard,R"]
[PlyCount "52"]
[EventDate "2020.04.18"]
[EventType "tourn (rapid)"]
[EventRounds "7"]
[EventCountry "USA"]
[EventCategory "22"]
[SourceTitle "CBM 196"]
[Source "ChessBase"]
[SourceDate "2020.06.30"]
[SourceVersion "1"]
[SourceVersionDate "2020.06.30"]
[SourceQuality "1"]

{[%evp 0,52,16,37,13,-16,38,37,31,8,46,1,44,39,36,22,58,-8,20,32,48,5,11,-33,
-40,-40,-43,-50,-38,-23,-4,-58,-57,-61,-54,-54,-60,-52,-42,-85,-61,-63,-54,-84,
-65,-74,-74,-75,-122,-119,-142,-161,-148,-1019,-1051]} 1. d4 d5 2. c4 c6 {
Surprise ! Maxime Vachier-Lagrave choses a Slav Defence instead of his usual
Grünfeld Defence.} 3. Nf3 Nf6 4. Nc3 e6 5. Bg5 h6 6. Bxf6 Qxf6 7. e3 g6 8. Ne5
$5 {White sets a knight on e5, that he will support with f4.} Bg7 9. f4 O-O 10.
Qc2 $6 {That's a bit too much. It was time for a straight attack or
development.} (10. h4 c5 $1 11. Qd2 Nc6 12. O-O-O Rd8 13. g4 cxd4 14. exd4 dxc4
15. Qe3 Qe7 16. Bxc4 {was very unclear in: Adhiban,B (2639)-Robson,R (2670)
Douglas 2019, ½-½ (51).}) (10. Be2 {leads to unbalanced play:} c5 11. cxd5
cxd4 12. Qxd4 Nd7 13. Nf3 (13. Ne4 Qh4+ 14. g3 Qd8 15. dxe6 Nxe5 16. fxe5 Bxe6
$44) 13... Qd8 14. Qd2 (14. Qb4 a5 $1 15. Qa3 e5 $13) 14... exd5 15. Qxd5 Qe7
16. Qd2 Nb6 17. Nd4 Re8 18. Kf2 Bg4 $1 $44 {½-½ (35) Wang,H (2742)
-Kasimdzhanov,R (2684) London 2012}) 10... c5 $1 $15 {Amazingly enough: MVL
got the best Grünfeld position he never got!} 11. dxc5 Nc6 12. Nxc6 bxc6 13.
Bd3 Qe7 (13... d4 14. Ne4 Qe7 {also made sense.}) 14. Na4 e5 $1 {Opening the
position, thus favouring the bishop pair and White's open king.} 15. fxe5 (15.
O-O {may have been the least damage:} e4 16. Be2 d4 17. exd4 Bxd4+ 18. Kh1 Rb8
19. Rad1 Rd8 $17) 15... Qxe5 16. O-O Qxe3+ 17. Kh1 Be6 18. cxd5 Bxd5 19. Bc4 (
19. Nc3 Bxc3 20. Qxc3 Rae8 $17) 19... Rad8 20. Rae1 Qg5 21. Re2 $6 (21. Bxd5
Rxd5 $17) 21... Bxc4 22. Qxc4 Rd4 23. Qa6 Be5 $1 {The cherry on the cake:
Black is now targetting the h2-pawn with ...Rh4.} 24. g3 Qh5 $1 25. Rg2 Rd1 26.
Qc4 $2 (26. g4 Rxf1+ 27. Qxf1 Qg5 $19) 26... Qf3 $1 0-1

[Event "Carlsen Inv Prelim"]
[Site "chess24.com INT"]
[Date "2020.04.24"]
[Round "4.3"]
[White "Ding, Liren"]
[Black "Giri, Anish"]
[Result "0-1"]
[WhiteElo "2791"]
[BlackElo "2764"]
[Annotator "Giri,A"]
[PlyCount "100"]
[EventDate "2020.04.18"]
[EventType "tourn (rapid)"]
[EventRounds "7"]
[EventCountry "USA"]
[EventCategory "22"]
[SourceTitle "CBM 196"]
[Source "ChessBase"]
[SourceDate "2020.06.30"]
[SourceVersion "1"]
[SourceVersionDate "2020.06.30"]
[SourceQuality "1"]

{[%evp 0,100,29,32,30,-9,43,43,37,9,4,-12,11,-1,1,23,76,1,15,20,26,-2,39,22,45,
43,51,51,54,71,79,61,83,83,33,51,38,18,-13,12,-2,-24,-8,-16,3,20,0,0,23,-24,
-18,-39,-11,-100,-87,-114,-130,-151,-147,-154,-136,-161,-154,-211,-216,-216,
-165,-160,-180,-265,-285,-291,-265,-308,-317,-317,-304,-311,-274,-332,-361,
-425,-319,-511,-443,-454,-594,-558,-324,-329,-314,-322,-320,-296,-280,-296,
-300,-300,-304,-306,-306,-314,-316]} 1. d4 Nf6 2. c4 g6 3. Nf3 Bg7 4. e3 O-O 5.
Be2 c5 6. d5 d6 7. Nc3 e6 8. Nd2 {Clever move, as Hikaru received 9...Bg4 from
me, when going 8.0-0 exd5 9.cxd5.} Na6 9. O-O Re8 10. e4 b6 $5 {I must be
honest, after losing in a rather pathetic manner in game 2 of this match I
felt still somewhat on edge at the start of this game, which maybe helped me
to get a fighting position, however dubious it was.} (10... Nc7 {is met with}
11. a4 {and the move in the game keeps some flexibility.}) 11. dxe6 {
Principled.} Bxe6 (11... Rxe6 $5 {feels more harmonious, but these positions
are too strategically complex and while if you look purely at the pawn
structure it looks quite dubious for Black with the hole on d5 and weak d6
pawn, he often gets counterplay in some odd manner when you no longer expect
it.}) 12. Nb3 Qe7 (12... Nb4 {was interesting and feels healthier, though
Black has to deliver after} 13. Bg5 {and come up with some good idea.}) 13. Bf4
Rad8 14. Qd2 Nb4 15. Rad1 {I was very happy to see this move, as now after
Qb7-a6, which White clearly missed, he has some questions to answer.} (15. Bg5
$5 {would keep Black tied up for now.}) 15... Qb7 $5 16. f3 Qa6 $5 17. a3 (17.
Nb5 $1 {is stronger, when a possible variation is} Nh5 (17... Qxa2 18. N3d4 $1
{is unpleasant for Black.}) 18. Bg5 Qxa2 19. N3d4 Bxc4 20. Bxd8 Rxd8 21. Ra1
Bxb5 22. Nxb5 Qxb2 23. Qxb2 Bxb2 24. Rxa7 Nc6 {And at the end of this
semi-forced variation Black has quite some compensation for the exchange but
White should not be the one complaining here either.}) 17... Nc6 18. Nb5 {
This is not good, the endgame that we get by force is just good for Black.} (
18. Nd5 Qa4 $1 {is also not easy to meet. After Bxd5 next, Black gets a fine
Benoni.}) 18... Qa4 19. Qc2 Na5 20. N3d4 Qxc2 21. Nxc2 Bxc4 $2 {Too
superficial, I was quite happy to see that at the end of this tactical
skirmish I am doing very fine, but I didn't even realise that at this point
there was much more in it.} (21... Nxc4 $1 22. Nc7 Nxb2 23. Rb1 Na4 {and with
Nc3 incoming, this exhange sac is huge for Black.}) 22. Bxc4 Nxc4 23. b3 a6 $5
{I liked the fact that the complications continue, but I can't say I saw
everything to the end.} 24. bxc4 $2 {Ding falls for it. This is natural, but
there is a trick in the end.} (24. Nc7 $1 Re7 25. Nxa6 {was the way to keep
equality. For example} Ne5 26. Nc7 $1 {and Rxc7 is met with Bxe5 when the
d6-pawn is pinned.}) 24... axb5 25. cxb5 d5 $1 {Probably it was only here that
Ding realised that Bc7 doesn't work.} 26. Ne3 {This is quite desperate, though
I wasn't sure it's trivial, with the b5-pawn potentially being quite strong.} (
26. Bc7 Rd7 27. Bxb6 Rb7 $1 28. Bxc5 {and here very important} Rc8 $1 {winning
a piece and most likely the game too.}) 26... dxe4 27. Bc7 Rd3 $1 {Here I was
a little low on time, but this likely being my first win I was focussed to an
unprecedented extent.} 28. Rfe1 Rxa3 {Every little soldier matters.} 29. Nc4
Rb3 30. Nd6 {It feels as though it is slipping away somewhat, but it is
important that I can now activate my passive e8 rook via the a-file.} Ra8 $1
31. Bxb6 Nd7 $1 32. Bc7 Bd4+ 33. Kh1 e3 $1 {Good to keep the e-pawn alive. Now
it's clear that Black is winning. The e3-pawn is there to stay while the
b5-pawn is not going anywhere.} 34. Nc4 Ra4 35. Nd6 Ra2 36. Nc4 Rc2 {White can
only go back and forth with his knight, meanwhile my rook activates itself for
free.} 37. Rc1 Rxc1 38. Rxc1 Rxb5 {and the rest is easy, with two healthy
pawns and the e3-pawn nearing promotion.} 39. Bf4 e2 40. g4 Nb6 41. Nd2 Rb2 42.
Re1 Nd5 43. Bh6 Nc3 44. Kg2 f5 45. Nc4 Rb4 46. Nd6 fxg4 47. fxg4 Be5 48. Bd2
Bxd6 49. Bxc3 Rxg4+ 50. Kf3 Rh4 {Too many pawns. It took a while, but I was
happy to register the first win in the event with this game.} 0-1

[Event "Carlsen Inv Prelim"]
[Site "chess24.com INT"]
[Date "2020.04.28"]
[Round "6.2"]
[White "Giri, Anish"]
[Black "Firouzja, Alireza"]
[Result "1-0"]
[WhiteElo "2764"]
[BlackElo "2728"]
[Annotator "Giri,A"]
[PlyCount "109"]
[EventDate "2020.04.18"]
[EventType "tourn (rapid)"]
[EventRounds "7"]
[EventCountry "USA"]
[EventCategory "22"]
[SourceTitle "CBM 196"]
[Source "ChessBase"]
[SourceDate "2020.06.30"]
[SourceVersion "1"]
[SourceVersionDate "2020.06.30"]
[SourceQuality "1"]

{[%evp 0,109,29,35,73,74,79,68,54,40,43,40,32,10,16,10,21,8,17,27,45,-10,32,
-17,-13,-22,4,0,38,17,-3,-8,34,7,42,28,9,5,53,5,11,-36,16,2,-8,-75,-91,-54,-92,
-151,-119,-170,-140,-232,-255,-267,-245,-277,-43,-46,-40,-46,0,0,0,-17,0,0,0,0,
0,29,61,65,89,54,54,43,54,54,4,21,107,115,97,92,130,129,104,109,275,223,235,
262,270,256,585,245,250,259,767,370,1041,1146,1166,1195,1490,1650,1874,2053,
2206,2216]} 1. e4 c6 2. d4 d5 3. e5 Bf5 4. Nf3 e6 5. Be2 Ne7 6. c3 h6 7. O-O
Nd7 8. Nbd2 a5 9. a4 {We ended up discussing this rather random Caro-Kann
position with Alireza twice. The next game he went for the more solid Bh7 and
after I played it too soft he managed to eventually equalise.} g5 {Always
funky!} 10. Ne1 {A standard idea in this structure. White prepares a potential
f4 and perhaps a bishop trade with Bd3 or a sneaky Bh5.} Qc7 (10... c5 $5 {
feels more to the point, when it's at least nice for me that we have included
a4-a5 and the b5-square is now weak.}) 11. Bh5 {The idea of stopping 0-0-0
which was played against me by Vishy in a very similar position is probably
quite dumb here, as 0-0-0 would anyway be met with some sort of a b4 break. I
didn't want to spend too much time dealing with opening intricacies here, but
maybe I should have.} (11. f4 $5 O-O-O 12. b4 {looks very promising for White.}
) 11... c5 12. f4 cxd4 13. cxd4 Nc6 14. Ndf3 $6 {A cheap trap. I didn't think
this move was strong, but was hoping Black would fall for g4 Nh4 Nxd4 which
loses to Be3! and Black's position collapses.} (14. Nb3 $1 {is much more to
the point.}) 14... gxf4 (14... O-O-O $1 15. fxg5 Qb6 {would be strong.}) (14...
g4 15. Nh4 Nxd4 $2 16. Be3) 15. Bxf4 Be7 16. Kh1 $6 {I was very unhappy with
my play at this point.} O-O-O {Of course Black sacrifices his kingside pawns.
Qb6 first was also good.} 17. Bxf7 Rdf8 18. Bh5 Kb8 19. Rc1 $2 (19. Be3 {
was called for, intending} Qb6 20. Nd3) 19... Qb6 $1 20. Qd2 {It was really
awful how I placed my pieces. Soon the position just collapses.} Qb3 21. Bxh6 {
Very desperate, but now my bishops are totally stuck. I was hoping to get
either some g4 in or some Bf7, but it all just didn't work.} Rc8 22. Ng1 Bb4
23. Qf4 Qxb2 24. Nef3 Nb6 {Black collects my queenside, but more importantly
the bishops are completely stuck on h6 and h5 and there is no way I can unpin
this whole thing, as going g4 would be suicidal due to Be4 when I create one
more pin. Dead lost.} 25. h3 Nxa4 26. Bg4 Bxg4 27. hxg4 Rcf8 28. Qe3 Nxd4 $2 {
A huge blunder. Black is probably tactically winning, but even the simple
Nc3-Ne4 would ensure positional domination. I was quite happy to have traded
one bishop and be able to support the other with g5, but still my shaky
position would crumble.} (28... Rfg8 $1 {was the easiest, as g5 is losing to
Rxh6. I actually think I intended to resign quite soon here.}) 29. Nxd4 Rxf1
30. Rxf1 Bd2 31. Rf8+ $1 {Now I am completely back in the game. Somehow we
expect the new kids to be calculating very well and be super sharp, but
perhaps we read them wrong?} Rxf8 32. Qxd2 Rh8 33. Nh3 Qa1+ 34. Kh2 Nc5 ({
I would have played} 34... Rxh6 35. Qxh6 Qxd4 {when Black holds quite
trivially. Maybe Black was still playing for advantage though, who knows.}) 35.
g5 Ne4 36. Qe3 Rg8 (36... a4 $1 37. g6 Rxh6 {still in time to save the day for
Black with a lot of checks incoming after} 38. Qxh6 Qxd4 39. Qf8+ Ka7 40. g7
Qxe5+) 37. Nf4 a4 38. Nc6+ {With seconds ticking by I suddenly got very
confused about 38.Nfxe6 Qc3! and decided to throw this check in to gain more
time.} (38. Nfxe6 Qc3 {the win here would be the counterintuitive} 39. Qxc3 $1
Nxc3 40. Nf8 $1 {which was really not the direction I was spending my last few
seconds in.}) 38... Kc7 (38... bxc6 39. Qb6+ Ka8 {is actually holding.} 40.
Qxc6+ Ka7 41. Qd7+ Kb8 $1 42. Qxe6 Rh8 {and while White can check all he wants,
he doesn't have a win here.}) 39. Nd4 (39. Ne7 Re8 40. g6 $1 Rxe7 41. Bf8 $1
Re8 42. g7 {is a cool winning sequence.}) 39... a3 {If the guy wants to commit
suicide, why not.} 40. Nb5+ {I suspected I had some forced win, but there was
no time and I thought picking up the a3-pawn would be the most practical way
to convert this.} Kc6 41. Nxa3 Qxe5 42. Nc2 {my knight rejoins the attack and
now it is no more fun for Black.} Kd7 (42... b6 $1 {was an epic defence, but
my opponent after all the things that have happened in this game wasn't able
to shift gears.} 43. Nd4+ Kb7 44. Ndxe6 Re8) 43. Nd4 Re8 44. g3 $5 {I liked
this move, as I got quite tired of the f4 knight being pinned.} Qc7 (44... Nf6
$5 {was an interesting practical attempt at defense, but the endgame after
Qxe5 Ng4+ seems to be winning after all.}) 45. Qb3 $1 {and now White starts to
have real threats. Black is dead lost.} Nd6 46. Nh5 $1 {Entering with tempi.}
Ra8 47. Nf6+ Kc8 48. Qe3 Ra2+ 49. Kh3 {White king is very safe and Black's
position is collapsing completely.} Qf7 50. Nxe6 Nf5 51. Qc5+ Kb8 52. Qxd5 Rf2
53. Nd7+ Kc8 54. Nb6+ Kb8 55. Qd8+ {and in view of Nc8-Nd6 checks winning the
queen Black resigned.} 1-0

[Event "Sukooon Resort Indian"]
[Site "Chess.com INT"]
[Date "2020.05.15"]
[Round "1.1"]
[White "Nandhidhaa, PV."]
[Black "Girish, A Koushnik"]
[Result "0-1"]
[WhiteElo "2365"]
[BlackElo "2498"]
[PlyCount "84"]
[EventDate "2020.05.15"]
[EventType "team-tourn (rapid)"]
[EventRounds "9"]
[EventCountry "IND"]
[SourceTitle "CBM 196 Extra"]
[Source "ChessBase"]
[SourceDate "2020.07.31"]
[SourceVersion "1"]
[SourceVersionDate "2020.07.31"]
[SourceQuality "1"]
[WhiteTeam "Chess Thulir"]
[BlackTeam "Undercover Agents"]
[WhiteTeamCountry "IND"]
[BlackTeamCountry "IND"]

1. e4 e5 2. Nf3 Nc6 3. Nc3 Nf6 4. Bb5 Bd6 5. d3 h6 6. a3 a6 7. Ba4 b5 8. Bb3
Bc5 9. Nxe5 Nxe5 10. d4 Bxd4 11. Qxd4 d6 12. Nd5 O-O 13. Bf4 Be6 14. O-O Nfd7
15. Ne3 Qf6 16. Bxe5 Nxe5 17. Qd2 Qf4 18. f3 Rfd8 19. Rad1 c5 20. Bd5 Rab8 21.
b3 b4 22. a4 a5 23. Qf2 Rbc8 24. g3 Qf6 25. f4 Nc6 26. Bxc6 Rxc6 27. f5 Bc8 28.
Nd5 Qe5 29. f6 Kh7 30. fxg7 Be6 31. g8=Q+ Rxg8 32. Nf6+ Kh8 33. Nxg8 Kxg8 34.
Qf4 Kg7 35. Qxe5+ dxe5 36. Rd8 c4 37. bxc4 Rxc4 38. Ra8 Rxc2 39. Rxa5 b3 40.
Rb5 Bc4 41. Rb4 Bxf1 42. Kxf1 b2 0-1

[Event "Sukooon Resort Indian"]
[Site "Chess.com INT"]
[Date "2020.05.15"]
[Round "2.5"]
[White "Soumya, Swaminathan"]
[Black "Girish, A Koushnik"]
[Result "0-1"]
[WhiteElo "2351"]
[BlackElo "2498"]
[PlyCount "76"]
[EventDate "2020.05.15"]
[EventType "team-tourn (rapid)"]
[EventRounds "9"]
[EventCountry "IND"]
[SourceTitle "CBM 196 Extra"]
[Source "ChessBase"]
[SourceDate "2020.07.31"]
[SourceVersion "1"]
[SourceVersionDate "2020.07.31"]
[SourceQuality "1"]
[WhiteTeam "Five Fighters"]
[BlackTeam "Undercover Agents"]
[WhiteTeamCountry "IND"]
[BlackTeamCountry "IND"]

1. e4 e5 2. Nf3 Nc6 3. Bc4 Bc5 4. d3 Nf6 5. Nbd2 d6 6. c3 a5 7. O-O O-O 8. h3
h6 9. Re1 Be6 10. Bb5 Qb8 11. Bxc6 bxc6 12. d4 exd4 13. cxd4 Bb6 14. b3 a4 15.
Bb2 axb3 16. axb3 Rxa1 17. Bxa1 d5 18. Ne5 Qa8 19. Qc2 dxe4 20. Nxc6 Re8 21.
Nxe4 Bd5 22. Ne7+ Rxe7 23. Nxf6+ gxf6 24. Rxe7 Qxa1+ 25. Kh2 Qxd4 26. Qf5 Be6
27. Re8+ Kg7 28. Qf3 Qxf2 29. Qxf2 Bxf2 30. b4 Be1 31. b5 Ba5 32. g4 Bd7 33.
Rb8 Bb6 34. Kg2 Bxb5 35. Kf3 Bd3 36. Kf4 Bd4 37. Rc8 c5 38. h4 c4 0-1

[Event "Sukooon Resort Indian"]
[Site "Chess.com INT"]
[Date "2020.05.15"]
[Round "3.2"]
[White "Girish, A Koushnik"]
[Black "Aronyak, Ghosh"]
[Result "0-1"]
[WhiteElo "2498"]
[BlackElo "2436"]
[PlyCount "146"]
[EventDate "2020.05.15"]
[EventType "team-tourn (rapid)"]
[EventRounds "9"]
[EventCountry "IND"]
[SourceTitle "CBM 196 Extra"]
[Source "ChessBase"]
[SourceDate "2020.07.31"]
[SourceVersion "1"]
[SourceVersionDate "2020.07.31"]
[SourceQuality "1"]
[WhiteTeam "Undercover Agents"]
[BlackTeam "Chess Gyaan"]
[WhiteTeamCountry "IND"]
[BlackTeamCountry "IND"]

1. d4 d5 2. c4 dxc4 3. e3 Nf6 4. Bxc4 e6 5. Nf3 c5 6. O-O a6 7. Bb3 b5 8. e4
Bb7 9. e5 Nd5 10. Nbd2 Nc6 11. dxc5 Bxc5 12. Ne4 Be7 13. Bg5 O-O 14. Re1 Bxg5
15. Nexg5 Nce7 16. Qd3 Ng6 17. Rad1 Qb6 18. g3 Rad8 19. Qd4 Qxd4 20. Nxd4 Nc7
21. f4 h6 22. Ne4 Bxe4 23. Rxe4 Ne7 24. Re2 Ncd5 25. Kf2 Rc8 26. Rc2 Rxc2+ 27.
Nxc2 Rc8 28. Ne3 Nxe3 29. Kxe3 g5 30. Ke4 gxf4 31. gxf4 a5 32. Rd2 Nf5 33. a3
Rc1 34. Rd1 Rc5 35. Rd2 Rc1 36. Rd1 Rc5 37. Rd8+ Kg7 38. Rd7 Kf8 39. Rd1 a4 40.
Ba2 Rc2 41. Bb1 Rxh2 42. Kf3 Rxb2 43. Bxf5 exf5 44. Rd5 Rb3+ 45. Kg2 h5 46. Kh2
h4 47. Kg2 Kg7 48. Rc5 h3+ 49. Kh2 Kg6 50. Rc6+ Kh5 51. Rf6 Kg4 52. Rxf7 Kxf4
53. e6 Rxa3 54. Rb7 Re3 55. Rxb5 Rxe6 56. Ra5 Re4 57. Kxh3 Ke3 58. Rxf5 Kd2 59.
Kg2 Kc2 60. Rc5+ Kb2 61. Rb5+ Ka2 62. Kf3 Re8 63. Kf2 a3 64. Rb7 Ka1 65. Kf1 a2
66. Kf2 Rc8 67. Ke3 Rc1 68. Kd2 Rb1 69. Rh7 Kb2 70. Rb7+ Ka3 71. Ra7+ Kb3 72.
Rb7+ Kc4 73. Rc7+ Kd5 0-1

[Event "Sukooon Resort Indian"]
[Site "Chess.com INT"]
[Date "2020.05.15"]
[Round "4.4"]
[White "Gupta, Abhijeet"]
[Black "Girish, A Koushnik"]
[Result "0-1"]
[WhiteElo "2612"]
[BlackElo "2498"]
[PlyCount "150"]
[EventDate "2020.05.15"]
[EventType "team-tourn (rapid)"]
[EventRounds "9"]
[EventCountry "IND"]
[SourceTitle "CBM 196 Extra"]
[Source "ChessBase"]
[SourceDate "2020.07.31"]
[SourceVersion "1"]
[SourceVersionDate "2020.07.31"]
[SourceQuality "1"]
[WhiteTeam "Desi Boys"]
[BlackTeam "Undercover Agents"]
[WhiteTeamCountry "IND"]
[BlackTeamCountry "IND"]

1. d4 Nf6 2. c4 e6 3. Nf3 d5 4. g3 Be7 5. Bg2 O-O 6. Nc3 dxc4 7. Ne5 Nc6 8.
Bxc6 bxc6 9. Nxc6 Qe8 10. Nxe7+ Qxe7 11. Qa4 c5 12. dxc5 Qxc5 13. Be3 Qh5 14.
O-O-O Bb7 15. f3 Rfc8 16. Rd2 Nd5 17. Bd4 a5 18. g4 Qg6 19. Rhd1 h6 20. h4 Bc6
21. Qa3 Nb4 22. Bb6 Qf6 23. Bxa5 Nd5 24. Nxd5 exd5 25. Qc3 Qxc3+ 26. Bxc3 Rxa2
27. Rd4 Re8 28. Kd2 Ra7 29. Rg1 Rae7 30. Rg2 g6 31. Rf4 Re6 32. Bd4 Bb5 33. e3
Ra8 34. h5 Ra1 35. hxg6 Rxg6 36. Rf5 Bc6 37. Rh2 Rf1 38. g5 Rg1 39. gxh6 R6g2+
40. Rxg2+ Rxg2+ 41. Kc3 Rh2 42. Rg5+ Kf8 43. Kb4 Ke7 44. Kc5 Rxh6 45. f4 Bb7
46. Rg8 Rc6+ 47. Kb5 Rc8 48. Rg5 Ba8 49. Bc5+ Kd7 50. Bd4 Bc6+ 51. Kb4 Rb8+ 52.
Kc3 Rb3+ 53. Kd2 Kd6 54. Ke2 Bd7 55. Kf3 Rd3 56. Ke2 Rb3 57. Bc3 Rb7 58. Kf3
Ra7 59. Be5+ Kc6 60. Rg7 Bf5 61. Bd4 Be4+ 62. Kg3 Rb7 63. Kh4 f5 64. Rg6+ Kb5
65. Kg5 Ka4 66. Ra6+ Kb3 67. Ra3+ Kc2 68. Rc3+ Kb1 69. Ra3 Rxb2 70. Kf6 Rb3 71.
Ra1+ Kc2 72. Ra2+ Kd3 73. Ke5 c3 74. Ra5 c2 75. Rc5 Rb1 0-1

[Event "Sukooon Resort Indian"]
[Site "Chess.com INT"]
[Date "2020.05.15"]
[Round "5.3"]
[White "Girish, A Koushnik"]
[Black "Sethuraman, SP."]
[Result "1/2-1/2"]
[WhiteElo "2498"]
[BlackElo "2644"]
[PlyCount "100"]
[EventDate "2020.05.15"]
[EventType "team-tourn (rapid)"]
[EventRounds "9"]
[EventCountry "IND"]
[SourceTitle "CBM 196 Extra"]
[Source "ChessBase"]
[SourceDate "2020.07.31"]
[SourceVersion "1"]
[SourceVersionDate "2020.07.31"]
[SourceQuality "1"]
[WhiteTeam "Undercover Agents"]
[BlackTeam "Chess Pathshala"]
[WhiteTeamCountry "IND"]
[BlackTeamCountry "IND"]

1. d4 Nf6 2. c4 e6 3. Nf3 d5 4. Nc3 dxc4 5. e4 b5 6. e5 Nd5 7. Nxb5 Nb6 8. Be2
Nc6 9. O-O Be7 10. Be3 Bb7 11. Rc1 O-O 12. b3 a6 13. Nc3 cxb3 14. axb3 Nb4 15.
Nd2 N6d5 16. Nce4 a5 17. Bf3 Nd3 18. Ra1 c5 19. Nc4 cxd4 20. Bxd4 N3b4 21. Ned6
Bc6 22. g3 f5 23. Bg2 Ra6 24. f4 Qa8 25. Qe2 a4 26. bxa4 Rxa4 27. Rxa4 Qxa4 28.
Bc5 Qb3 29. Na5 Qc3 30. Bxb4 Nxb4 31. Nxc6 Nxc6 32. Qa2 Nd4 33. Nb5 Qe3+ 34.
Kh1 Kf7 35. Nxd4 Qxd4 36. Bf3 Rc8 37. Rd1 Qe3 38. Kg2 Rc3 39. Qe2 Qc5 40. Qf2
Qc7 41. Rd2 Rc1 42. Rd1 Rc3 43. Rd2 g6 44. Ra2 Qc4 45. Qe2 Qc5 46. Qf2 Qc4 47.
Qe2 Qd4 48. Qf2 Qd3 49. Qe2 Qd4 50. Qf2 Qc4 1/2-1/2